000 01147nam a2200325Ia 4500
001 57433
003 CO-BoRNBP
005 20250702145001.0
007 ta
008 141031s1996 c a g 000 0 s
020 _a9789583003134
040 _aCO-BoRNBP
_bspa
_erda
_cCO-BoRNBP
084 _aT REY1
100 _aReyes Posada, Carlos José,
_d1941-
_960658
245 1 0 _aDulcita y el burrito
_cCarlos José Reyes ; ilustrado por Fernando Redondo
250 _aPrimera edición
_bQuinta reimpresión
264 1 _aBogota
_bPanamericana
_c1996
300 _a59 páginas
_bilustraciones a color
_c23 cm
336 _atexto
_btxt
_2rdacontent
337 _asin mediación
_bn
_2rdamedia
338 _avolumen
_bnc
_2rdacarrier
650 0 0 _aTitiriteros en la literatura
_2LEMB
_960659
650 0 7 _aAmistad en la literatura
_2LEMB
_970
650 0 7 _aTeatro infantil colombiano
_ySiglo XX
_2LEMB
_960660
650 0 7 _aBerros en la literatura
_2LEMB
_960661
650 0 7 _aLiteratura infantil colombiana
_ySiglo XX
_2LEMB
_9364
650 0 7 _aAnimales en la literatura
_2LEMB
_9853
700 _aRedondo, Fernando
_eilustrador
_960662
942 _2loc
_cBKINF
999 _c57433
_d57433